The Kenya law reports : (Record no. 68792)
[ view plain ]
| 000 -LEADER | |
|---|---|
| fixed length control field | 01317cam a2200361 a 4500 |
| 001 - CONTROL NUMBER | |
| control field | 17379639 |
| 003 - CONTROL NUMBER IDENTIFIER | |
| control field | OSt |
| 005 - DATE AND TIME OF LATEST TRANSACTION | |
| control field | 20260210092113.0 |
| 008 - FIXED-LENGTH DATA ELEMENTS--GENERAL INFORMATION | |
| fixed length control field | 120710s2011 ke f000 0 eng |
| 010 ## - LIBRARY OF CONGRESS CONTROL NUMBER | |
| LC control number | 2012311603 |
| 020 ## - INTERNATIONAL STANDARD BOOK NUMBER | |
| International Standard Book Number | 9966821287 |
| Qualifying information | v. 1 |
| 020 ## - INTERNATIONAL STANDARD BOOK NUMBER | |
| International Standard Book Number | 9789966821287 |
| Qualifying information | (v. 1) |
| 035 ## - SYSTEM CONTROL NUMBER | |
| System control number | 17379639 |
| 040 ## - CATALOGING SOURCE | |
| Original cataloging agency | DLC |
| Transcribing agency | DLC |
| Modifying agency | DLC |
| 042 ## - AUTHENTICATION CODE | |
| Authentication code | lcode |
| -- | pcc |
| 043 ## - GEOGRAPHIC AREA CODE | |
| Geographic area code | f-ke--- |
| 050 00 - LIBRARY OF CONGRESS CALL NUMBER | |
| Classification number | KSK4200 |
| Item number | .A49 2011 |
| 100 ## - MAIN ENTRY--PERSONAL NAME | |
| Personal name | Murungi Michael M (ed.) |
| 9 (RLIN) | 59007 |
| 245 04 - TITLE STATEMENT | |
| Title | The Kenya law reports : |
| Remainder of title | gender based violence (GBV) / |
| Statement of responsibility, etc | editor Michael M. Murungi. |
| 246 30 - VARYING FORM OF TITLE | |
| Title proper/short title | Gender based violence |
| 260 ## - PUBLICATION, DISTRIBUTION, ETC. (IMPRINT) | |
| Place of publication, distribution, etc | Nairobi : |
| Name of publisher, distributor, etc | National Council for Law Reporting, |
| Date of publication, distribution, etc | 2011. |
| 300 ## - PHYSICAL DESCRIPTION | |
| Extent | Li,330 p. |
| 500 ## - GENERAL NOTE | |
| General note | "This law report is cited thus (2010) 1 KLR (GBV)"--T.p. verso. |
| 650 #0 - SUBJECT ADDED ENTRY--TOPICAL TERM | |
| Topical term or geographic name as entry element | Sex crimes |
| General subdivision | Law and legislation |
| Geographic subdivision | Kenya |
| Form subdivision | Cases. |
| 9 (RLIN) | 59043 |
| 650 #0 - SUBJECT ADDED ENTRY--TOPICAL TERM | |
| Topical term or geographic name as entry element | Women |
| General subdivision | Violence against |
| Geographic subdivision | Kenya |
| Form subdivision | Cases. |
| 9 (RLIN) | 59044 |
| 700 1# - ADDED ENTRY--PERSONAL NAME | |
| Personal name | Murungi, Michael M. |
| 9 (RLIN) | 59045 |
| 710 2# - ADDED ENTRY--CORPORATE NAME | |
| Corporate name or jurisdiction name as entry element | National Council for Law Reporting (Kenya) |
| 9 (RLIN) | 59000 |
| 856 41 - ELECTRONIC LOCATION AND ACCESS | |
| Materials specified | Table of contents only |
| Uniform Resource Identifier | <a href="http://www.loc.gov/catdir/toc/fy14pdf01/2012311603.html">http://www.loc.gov/catdir/toc/fy14pdf01/2012311603.html</a> |
| 906 ## - LOCAL DATA ELEMENT F, LDF (RLIN) | |
| a | 7 |
| b | cbc |
| c | origode |
| d | 2 |
| e | ncip |
| f | 20 |
| g | y-gencatlg |
| 942 ## - ADDED ENTRY ELEMENTS (KOHA) | |
| Source of classification or shelving scheme | Library of Congress Classification |
| Koha item type | Books |
| Withdrawn status | Lost status | Source of classification or shelving scheme | Damaged status | Not for loan | Collection code | Home library | Current library | Shelving location | Date acquired | Source of acquisition | Cost, normal purchase price | Total Checkouts | Full call number | Barcode | Date last seen | Copy number | Cost, replacement price | Price effective from | Koha item type |
|---|---|---|---|---|---|---|---|---|---|---|---|---|---|---|---|---|---|---|---|
| Library of Congress Classification | General Circulation | AIU/NEGST - Tony Wilmot Memorial Library | AIU/NEGST - Tony Wilmot Memorial Library | Processing Center | 01/23/2026 | Purchase- National Council for Law Reporting | 34.60 | KSK4200 .A49 2011 | T01447W3232 | 02/10/2026 | Vol. 1 | 34.60 | 02/10/2026 | Books |
